[Event "6th HZ Open"]
[Site "Vlissingen NED"]
[Date "2002.08.08"]
[Round "6"]
[White "Tregubov,P"]
[Black "Tiggelman,R"]
[Result "1-0"]
[WhiteElo "2599"]
[BlackElo "2165"]

1.d4 d5 2.c4 dxc4 3.e3 Nf6 4.Bxc4 e6 5.Nf3 c5 6.O-O a6 7.Bb3 Nc6 8.Qe2 Qc7
9.Nc3 Be7 10.dxc5 Bxc5 11.h3 O-O 12.Rd1 b5 13.e4 Nd7 14.Be3 Nce5 15.Nxe5 Nxe5
16.Rac1 Bxe3 17.Qxe3 Qb8 18.a4 Ra7 19.axb5 axb5 20.Qc5 Nd7 21.Qb4 Nf6 22.Rd6 Qa8
23.e5 Nd7 24.Qd4 Ra1 25.Rxa1 Qxa1+ 26.Nd1 Qa5 27.f4 Qe1+ 28.Kh2 Qf1 29.Ne3 Qf2
30.f5 exf5 31.e6 fxe6 32.Bxe6+ Kh8 33.Bxd7 f4 34.Nf5 Qxd4 35.Rxd4 g6 36.Bxc8 Rxc8
37.Nh4  1-0

[Event "FSIMA August"]
[Site "Budapest HUN"]
[Date "2002.08.11"]
[Round "9"]
[White "Eperjesi,L"]
[Black "Le Kieu Thien Kim"]
[Result "1/2-1/2"]
[WhiteElo "2289"]
[BlackElo "2256"]

1.d4 d5 2.Nf3 Nf6 3.c4 e6 4.e3 dxc4 5.Bxc4 c5 6.O-O a6 7.a4 Nc6 8.Qe2 cxd4
9.Rd1 Be7 10.exd4 O-O 11.Nc3 Nb4 12.Bg5 Nfd5 13.Nxd5 Nxd5 14.Bxd5 Bxg5 15.Be4 f5
16.Nxg5 Qxg5 17.Bf3 Rb8 18.d5 Qf6 19.dxe6 Bxe6 20.Rd6 Rfe8 21.Re1 Bf7 22.Qxe8+ Bxe8
23.Rxf6 gxf6 24.Re7 Bc6 25.h4 Bxf3 26.gxf3 a5 27.Re6 b5  1/2-1/2

[Event "ch-AUT"]
[Site "Oberpullendorf AUT"]
[Date "2002.08.12"]
[Round "3"]
[White "Scheffknecht,P"]
[Black "Pilaj,H"]
[Result "1/2-1/2"]
[WhiteElo "2183"]
[BlackElo "2312"]

1.d4 d5 2.Nf3 Nf6 3.e3 e6 4.c4 c5 5.Bd3 dxc4 6.Bxc4 Nc6 7.O-O cxd4 8.exd4 Be7
9.Nc3 O-O 10.a3 b6 11.Re1 Bb7 12.Ba2 Qd6 13.Nb5 Qd7 14.Bf4 Rad8 15.Bc7 Rc8
16.Bg3 h6 17.Nc3 Rfd8 18.Qe2 Qe8 19.Rad1 Rd7  1/2-1/2

[Event "Open"]
[Site "Birstonas LIT"]
[Date "2002.08.19"]
[Round "3"]
[White "Lutsko,I"]
[Black "Bucinskas,V"]
[Result "0-1"]
[WhiteElo "2398"]
[BlackElo "2249"]

1.d4 d5 2.c4 dxc4 3.Nf3 Nf6 4.e3 e6 5.Bxc4 c5 6.O-O a6 7.Bd3 Nc6 8.Nc3 Be7
9.dxc5 Bxc5 10.a3 O-O 11.Qc2 h6 12.b4 Bd6 13.Bb2 Bxb4 14.Ne4 Be7 15.Rfd1 Qe8
16.Nxf6+ Bxf6 17.Bxf6 gxf6 18.Qc4 Qe7 19.Qg4+ Kh8 20.Qh4 Kg7 21.Qg3+ Kh8
22.Qh3 Kg7 23.Rac1 Bd7 24.Qg3+ Kh8 25.Qh4 Kg7 26.Qg4+ Kh8 27.Qf4 Kg7 28.Qg4+ Kh8
29.Qf4 Kg7 30.Qg3+ Kh8 31.Rc4 f5 32.e4 Rad8 33.exf5 exf5 34.Rh4 Qf6 35.Qf4 Kg7
36.Bb1 Be6 37.Re1 Rd5 38.Rh3 Rfd8 39.Rg3+ Kh7 40.Nh4 Re5 41.Rge3 Rd4 42.Be4 Rexe4
43.Rxe4 Rxe4  0-1

[Event "Saraybahce GP"]
[Site "Kocaeli TUR"]
[Date "2002.08.22"]
[Round "6"]
[White "Moiseenko,A"]
[Black "Bratanov,Z"]
[Result "1/2-1/2"]
[WhiteElo "2578"]
[BlackElo "2438"]

1.d4 d5 2.c4 dxc4 3.e3 Nf6 4.Bxc4 e6 5.Nf3 c5 6.Qe2 cxd4 7.exd4 Nc6 8.O-O Be7
9.Rd1 O-O 10.Nc3 Na5 11.Bd3 b6 12.Bf4 Bb7 13.Rac1 Rc8 14.Nb5 Rxc1 15.Rxc1 Nc6
16.Rd1 Nb4 17.Bb1 Ba6 18.a4 Bb7 19.Ne5 a6 20.Nc3 Qa8 21.f3 Nfd5 22.Bd2 Rd8
23.Ne4 Nc6 24.Ng5 Bxg5 25.Bxg5 Re8 26.Qc2 f5 27.Nc4 Qb8 28.Qe2 Ba8 29.Ne5 Nxe5
30.dxe5 Bb7 31.Rc1 Rc8 32.Rxc8+ Qxc8 33.Qc2 Qxc2 34.Bxc2 Nb4 35.Bb1 Bd5 36.Bd2 Nc6
37.Bd3 Bb3 38.Bxa6 Bxa4 39.Bc3 Ne7 40.Bd4 Nd5 41.Kf2 Bc6 42.Bf1 Kf7 43.g4 g5
44.Bd3 fxg4 45.fxg4 h6 46.Kg3 Nf4 47.Bf1 Bg2 48.Ba6 Bb7 49.Bb5 Bc6 50.Bxc6 Ne2+
51.Kf2 Nxd4 52.Ba4 b5 53.Ke3 Nc6 54.Bxb5 Nxe5 55.Be2 Ke7 56.Kd4 Kd6 57.b4 Nd7
58.Kc4 Nb6+ 59.Kd4 Nc8 60.Bb5 Nb6 61.Be2 Nd5 62.b5 Nb6 63.Ke4 Na4 64.Bc4 Nb6
65.Bb3 Nc8 66.Bc4 Nb6  1/2-1/2

[Event "TCh-BIH"]
[Site "Neum BIH"]
[Date "2002.08.24"]
[Round "1"]
[White "Shariyazdanov,A"]
[Black "Stevic,H"]
[Result "1/2-1/2"]
[WhiteElo "2562"]
[BlackElo "2527"]

1.d4 d5 2.c4 dxc4 3.Nf3 Nf6 4.e3 e6 5.Bxc4 c5 6.O-O a6 7.Bd3 cxd4 8.exd4 Be7
9.Nc3 b5 10.a4 b4 11.Ne4 Bb7 12.Qe2 O-O 13.Bf4 Nxe4 14.Bxe4 Bxe4 15.Qxe4 Nd7
16.Rfc1 Nf6 17.Qb7 Nd5 18.Bg3 Bf6 19.a5 Qe7 20.Qc6 Rfd8 21.Rc4 Qf8 22.Rac1 Nc3
23.bxc3 Rdc8 24.cxb4 Rxc6 25.Rxc6 h6 26.R1c4 Qd8 27.Bd6 Kh7 28.h3 Ra7 29.Ne5 Bxe5
30.dxe5 Qg5 31.Rd4 Qf5 32.Bc5 Ra8 33.Rc7 Qb1+ 34.Kh2 Qf5 35.Rdd7 Kg6 36.g3 Rb8
37.h4 h5 38.Kg1 Qb1+ 39.Kh2 Qf5 40.Kg1 Qb1+ 41.Kh2  1/2-1/2

[Event "Open"]
[Site "Birstonas LIT"]
[Date "2002.08.25"]
[Round "9"]
[White "Lutsko,I"]
[Black "Zaksaite,S"]
[Result "1/2-1/2"]
[WhiteElo "2398"]
[BlackElo "2164"]

1.d4 d5 2.c4 dxc4 3.Nf3 Nf6 4.e3 e6 5.Bxc4 c5 6.O-O a6 7.Qe2 b5 8.Bb3 Nbd7
9.e4 Bb7 10.e5 Nd5 11.Nc3 Nxc3 12.bxc3 Be7 13.Rd1 O-O 14.a4 Qc7 15.Ng5 Rfe8
16.Qg4 Nf8 17.h4 Rac8 18.h5 Bd5 19.Bxd5 exd5 20.axb5 axb5 21.Nh3 Qd7 22.Qxd7 Nxd7
23.Nf4 Nb6 24.Ra6 Bd8 25.Be3 cxd4 26.Bxd4 Nc4 27.Nd3 Bc7 28.f4 Re6 29.Rda1 h6
30.Ra8 Ree8 31.Rxc8 Rxc8 32.Nb4 Ba5 33.Nxd5 Kf8 34.f5 Rd8 35.Nf4 Bc7 36.Nd3 b4
37.Nxb4 Bxe5 38.Nc6 Bxd4+ 39.Nxd4 Rc8 40.f6 Ne5 41.Nf5 gxf6 42.Kf2 Rd8 43.Ke3 Kg8
44.Ke4 Kh7 45.Ra6 Re8 46.Kd4 Ng4 47.c4 Re2 48.Ra7 Ne5 49.c5 Rxg2 50.Ra6 Rd2+
51.Ke4 Re2+ 52.Ne3 Nd7 53.Ra5 Ne5 54.Ra7 Rh2 55.Nd5 Re2+ 56.Ne3 Rh2 57.Nd5 Re2+
58.Kf4 Kg7 59.Ne3 Nd3+ 60.Kf3 Re1 61.c6 Ne5+ 62.Kf2 Nd3+ 63.Kf3 Ne5+ 64.Kf4 Nxc6
65.Nf5+  1/2-1/2

[Event "TCh-BIH"]
[Site "Neum BIH"]
[Date "2002.08.26"]
[Round "4"]
[White "Saric,Ib"]
[Black "Stevic,H"]
[Result "1/2-1/2"]
[WhiteElo "2366"]
[BlackElo "2527"]

1.d4 d5 2.c4 dxc4 3.Nf3 Nf6 4.e3 e6 5.Bxc4 c5 6.O-O a6 7.dxc5 Qxd1 8.Rxd1 Bxc5
9.Be2 Nbd7 10.Nbd2 b6 11.Nb3 Be7 12.Nfd4 Bb7 13.f3 O-O 14.e4 Nc5  1/2-1/2

[Event "Hot Summer IM"]
[Site "Tel Aviv ISR"]
[Date "2002.08.26"]
[Round "5"]
[White "Kraidman,Y"]
[Black "Zalkind,K"]
[Result "1-0"]
[WhiteElo "2324"]
[BlackElo "2265"]

1.d4 d5 2.Nf3 Nf6 3.c4 dxc4 4.e3 e6 5.Bxc4 c5 6.Nc3 a6 7.Bd3 Nc6 8.O-O Qc7
9.a3 b5 10.dxc5 Bxc5 11.b4 Be7 12.Bb2 O-O 13.Rc1 Bb7 14.Ne4 Nd7 15.Bb1 h6
16.Qc2 f5 17.Ng3 Bf6 18.Ba2 Qd6 19.Rfd1 Qe7 20.Nxf5 Qe8 21.Nd6  1-0

[Event "GP"]
[Site "Izmir TUR"]
[Date "2002.09.04"]
[Round "8"]
[White "Gaprindashvili,V"]
[Black "Jobava,Be"]
[Result "0-1"]
[WhiteElo "2471"]
[BlackElo "2264"]

1.d4 d5 2.c4 dxc4 3.e3 e6 4.Bxc4 Nf6 5.Nf3 c5 6.Qe2 Nc6 7.O-O a6 8.dxc5 Bxc5
9.a3 b5 10.Bd3 Bb7 11.Nbd2 Qb8 12.a4 bxa4 13.Rxa4 Nb4 14.Bc4 O-O 15.h3 Bc6
16.Ra5 Qb6 17.Nb3 Be7 18.Bd2 Bd5 19.Nfd4 Bxc4 20.Qxc4 Rfc8 21.Qe2 Ne4 22.Bxb4 Bxb4
23.Ra2 e5 24.Nf3 Nc5 25.Nxc5 Rxc5 26.Ng5 a5 27.Qf3 Rf8 28.Rd1 Qg6 29.h4 h6
30.Ne4 Rc4 31.Nc3 Rxh4 32.g3 Rc4 33.Nd5 Qe6 34.e4 Rc2 35.Qd3 Rfc8 36.Nxb4 axb4
37.Ra6 Qg4 38.Ra7 Rc1 39.Rxc1 Rxc1+ 40.Kg2 Re1 41.Qc4 Qh5 42.Qc8+ Kh7 43.Qf5+ Qxf5
44.exf5 f6 45.Rb7 Re4 46.Kf3 Rd4 47.Ke3 Rg4 48.b3 h5 49.Rd7 Kh6 50.Kf3 Rd4
51.Rb7 Rd3+ 52.Ke4 Rxb3 53.Rb8 Kh7 54.f3 Rb1 55.g4 h4 56.Rb7 h3 57.g5 h2
58.g6+ Kh6  0-1

[Event "It"]
[Site "Tula RUS"]
[Date "2002.09.11"]
[Round "8"]
[White "Simantsev,M"]
[Black "Gusev,Al"]
[Result "1-0"]
[WhiteElo "2401"]
[BlackElo "2412"]

1.d4 d5 2.c4 e6 3.Nf3 Nf6 4.e3 c5 5.Bd3 dxc4 6.Bxc4 a6 7.O-O Nc6 8.Qe2 cxd4
9.Rd1 Be7 10.exd4 O-O 11.Nc3 Nb4 12.Bg5 Re8 13.Ne5 Nfd5 14.Bxe7 Qxe7 15.Ne4 f6
16.Nf3 Nf4 17.Qd2 Nbd5 18.g3 Ng6 19.Re1 Qd8 20.Nc3 b5 21.Bb3 Nxc3 22.Qxc3 Qd6
23.Nd2 Bb7 24.Ne4 Bxe4 25.Rxe4 Kh8 26.Rc1 Rad8 27.Qc5 h6 28.Qh5 f5 29.Re2 Nf8
30.d5 Kh7 31.dxe6 g6 32.Qh4 g5 33.Qh3  1-0

[Event "TCh-CRO"]
[Site "Medulin CRO"]
[Date "2002.09.16"]
[Round "8"]
[White "Hracek,Z"]
[Black "Pinter,J"]
[Result "1/2-1/2"]
[WhiteElo "2600"]
[BlackElo "2562"]

1.d4 d5 2.Nf3 Nf6 3.c4 c6 4.e3 e6 5.Bd3 dxc4 6.Bxc4 c5 7.O-O a6 8.a4 Nc6
9.Qe2 cxd4 10.Rd1 Be7 11.exd4 O-O 12.Nc3 Nd5 13.Ne4 b6 14.Bg5 Bxg5 15.Nexg5 h6
16.Ne4 Bb7 17.Rac1 Nce7  1/2-1/2

[Event "Autumn I"]
[Site "Alushta UKR"]
[Date "2002.09.18"]
[Round "6"]
[White "Yevseev,D"]
[Black "Arbakov,V"]
[Result "1-0"]
[WhiteElo "2546"]
[BlackElo "2445"]

1.d4 d5 2.c4 dxc4 3.Nf3 Nf6 4.e3 e6 5.Bxc4 c5 6.O-O a6 7.Bb3 Nc6 8.Nc3 Be7
9.Qe2 cxd4 10.Rd1 O-O 11.Nxd4 Nxd4 12.exd4 Nd5 13.Qf3 Nxc3 14.bxc3 Bd6 15.c4 Qf6
16.Qxf6 gxf6 17.c5 Be7 18.Be3 Bd7 19.d5 Rfd8 20.d6 Bf8 21.Rd4 f5 22.Rb4 Bc6
23.Rb1 a5 24.Rb6 Bd5 25.Rc1 a4 26.Bd1 e5 27.Bf3 Bxf3 28.gxf3 f4 29.Bd2 Rd7
30.Rcb1 Ra7 31.R6b5 f6 32.Ra5 Rxa5 33.Bxa5 Kf7 34.Bc7 Ke6 35.Rxb7 Kd5 36.Rb8 Bg7
37.Bb6 f5 38.Rc8 Bf6 39.Rf8 Bh4 40.Rxf5 Bd8 41.Bxd8 Rxd8 42.Kg2 Kxc5 43.Rxe5+ Kxd6
44.Ra5 Ke6 45.Rxa4 Kf5 46.Ra5+ Kg6 47.h4 Rd3 48.Rg5+ Kf6 49.a4 Ra3 50.a5 h6
51.Rb5 Kg6 52.h5+ Kf6 53.Rc5 Rb3 54.Kh3 Rxf3+ 55.Kg4 Rxf2 56.a6 Ra2 57.Rc6+ Kg7
58.Rc7+ Kf6 59.Rh7 Rg2+ 60.Kxf4 Rf2+ 61.Ke3 Ra2 62.Rxh6+ Kg5 63.Rc6 Kxh5
64.Kd4 Kg4 65.Kc5  1-0

[Event "Autumn Cup"]
[Site "Bucharest ROM"]
[Date "2002.09.25"]
[Round "1"]
[White "Mateuta,G"]
[Black "Osman,M"]
[Result "1-0"]
[WhiteElo "2408"]
[BlackElo "2083"]

1.d4 d5 2.Nf3 Nf6 3.c4 dxc4 4.e3 e6 5.Bxc4 c5 6.O-O cxd4 7.exd4 Be7 8.Nc3 O-O
9.Re1 Nbd7 10.Bg5 Nb6 11.Bb3 Nfd5 12.Bxe7 Nxe7 13.Qd3 Ng6 14.Qe4 Rb8 15.Ne5 Nd7
16.Rad1 Ndxe5 17.dxe5 Qe7 18.Nb5 b6 19.Nd6 Bb7 20.Qe3 Ba8 21.f3 Rfd8 22.Rd4 b5
23.Red1 a6 24.R4d2 Qc7 25.Kf2 h6 26.g3 Ne7 27.Rc2 Qb6 28.Qxb6 Rxb6 29.Nc8 Rxd1
30.Nxb6 Rd8 31.Nxa8 Rxa8 32.Rc7 Kf8 33.f4 Ke8 34.g4 a5 35.Rc5 a4 36.Bc2 Rc8
37.Rxc8+ Nxc8 38.Bd3  1-0

[Event "1st Masters"]
[Site "Villeurbanne FRA"]
[Date "2002.09.25"]
[Round "5"]
[White "Gervasio,R"]
[Black "Legky,N"]
[Result "0-1"]
[WhiteElo "2347"]
[BlackElo "2498"]

1.d4 d5 2.c4 dxc4 3.Nf3 Nf6 4.e3 e6 5.Bxc4 c5 6.Nc3 Nc6 7.O-O Be7 8.Qe2 cxd4
9.Rd1 O-O 10.exd4 Na5 11.Bd3 b6 12.Bg5 Bb7 13.Rac1 Rc8 14.Bb1 Nd5 15.Qe4 g6
16.Qh4 f6 17.Bh6 Nxc3 18.bxc3 Bxf3 19.gxf3 Re8 20.d5 exd5 21.Qg4 Kh8 22.Be4 Rc5
23.f4 Qd6 24.f5 g5 25.Qh5 Rd8 26.c4 Nxc4 27.Rxc4 Rxc4 28.Rxd5 Qc7 29.Qf7 Rg8
30.Qe6 Qf4 31.f3 Qe3+ 32.Kg2 Rc1  0-1

[Event "Autumn III"]
[Site "Alushta UKR"]
[Date "2002.10.02"]
[Round "8"]
[White "Nikitin,An"]
[Black "Kozlov,Vi"]
[Result "1-0"]
[WhiteElo "2471"]
[BlackElo "2340"]

1.d4 d5 2.c4 dxc4 3.Nf3 Nf6 4.e3 e6 5.Bxc4 c5 6.O-O a6 7.Bb3 Nc6 8.Qe2 cxd4
9.Rd1 Be7 10.Nxd4 Nxd4 11.exd4 O-O 12.Nc3 Nd5 13.Qf3 Nxc3 14.bxc3 Bd6 15.c4 Rb8
16.c5 Bc7 17.Ba3 b5 18.cxb6 Bd6 19.Bc5 Rxb6 20.Bxb6 Qxb6 21.Rab1 Qc7 22.Rdc1 Qe7
23.Bc2 g6 24.Be4 a5 25.g3 Bb4 26.Rb3 a4 27.Rbb1 Bd6 28.Bb7 Bd7 29.Bc6 Ba3
30.Rc3 Bb4 31.Rc4  1-0

[Event "Eu Blitz Ch"]
[Site "Panormo GRE"]
[Date "2002.10.02"]
[Round "3"]
[White "Nielsen,PH"]
[Black "Papatheodorou,T"]
[Result "1-0"]
[WhiteElo "2620"]
[BlackElo "2258"]

1.d4 d5 2.c4 dxc4 3.Nf3 Nf6 4.e3 e6 5.Bxc4 c5 6.O-O a6 7.Bb3 b5 8.a4 Bb7
9.axb5 axb5 10.Rxa8 Bxa8 11.Nc3 b4 12.Ba4+ Nbd7 13.Nb5 cxd4 14.Qc2 Bc5 15.exd4 Be4
16.Qc4 Bd5 17.Qc2 Be4 18.Qc4 Bd5 19.Qe2 Be7 20.Bf4 O-O 21.Rc1 Qa8 22.b3 Bxf3
23.Qxf3 Qxf3 24.gxf3 Nd5 25.Bd6 Bxd6 26.Nxd6 N7b6 27.Bc6 Nc3 28.Kf1 Rd8 29.Ne4 Nxe4
30.Bxe4 Rxd4 31.Rc6 f5 32.Bc2 Nd5 33.Rxe6 g6 34.Rc6 Nf4 35.Rc4 Rxc4 36.bxc4 Ne6
37.Ke2 Nc5 38.Ke3 b3 39.Bb1 f4+ 40.Kd4 Na4 41.c5 Kf7 42.Kc4 b2 43.Kb4 Nxc5  1-0

[Event "TCh-BEL 2002-3"]
[Site "Belgium BEL"]
[Date "2002.10.06"]
[Round "1"]
[White "Plumanns,D"]
[Black "Tiggelman,R"]
[Result "1/2-1/2"]
[WhiteElo "2219"]
[BlackElo "2179"]

1.d4 d5 2.Nf3 Nf6 3.c4 dxc4 4.e3 e6 5.Bxc4 c5 6.O-O a6 7.a4 Nc6 8.Qe2 Qc7
9.Nc3 Bd6 10.dxc5 Bxc5 11.e4 Ne5 12.Nxe5 Qxe5 13.g3 Bd7 14.Re1  1/2-1/2

[Event "TCh-SWE"]
[Site "Helsingborg SWE"]
[Date "2002.10.12"]
[Round "2"]
[White "Landgren,P"]
[Black "Hjelm,N"]
[Result "1-0"]
[WhiteElo "2222"]
[BlackElo "2323"]

1.d4 d5 2.c4 dxc4 3.e3 Nf6 4.Bxc4 e6 5.Nf3 c5 6.O-O a6 7.e4 b5 8.Bd3 Bb7
9.dxc5 Bxc5 10.Qe2 Nbd7 11.Nbd2 e5 12.a4 b4 13.Nc4 Qc7 14.Bg5 O-O 15.Nfd2 h6
16.Bh4 Rfe8 17.Rac1 Bc6 18.b3 Nh7 19.Ne3 Qa7 20.Nf5 Nhf8 21.Bc4 Ng6 22.Qg4 Ndf8
23.Bf6 Bd7 24.Bxg7 Bxf5 25.exf5 Kxg7 26.fxg6 Nxg6 27.Bxf7 Kxf7 28.Qc4+ Re6
29.Qxc5 Qxc5 30.Rxc5 Nf4 31.Nc4 Kf6 32.g3 Ne2+ 33.Kg2 Nd4 34.Nd2 Rd8 35.Rc4 a5
36.Rc5 Kf5 37.Re1 Nc6 38.Nc4 Rd3 39.Nxa5 Nxa5 40.Rxa5 Rxb3 41.f4 Kg4 42.h3+  1-0

[Event "TCh-BEL 2001-2"]
[Site "Belgium BEL"]
[Date "2002.10.15"]
[Round "10"]
[White "Israel,G"]
[Black "Tiggelman,R"]
[Result "0-1"]
[WhiteElo "2093"]
[BlackElo "2165"]

1.d4 d5 2.c4 dxc4 3.e3 Nf6 4.Bxc4 e6 5.Nf3 c5 6.O-O a6 7.a4 Nc6 8.Qe2 Qc7
9.Nc3 Bd6 10.Rd1 O-O 11.h3 b6 12.d5 exd5 13.Nxd5 Nxd5 14.Bxd5 Bb7 15.Ng5 Rad8
16.Qc2 g6 17.Qe4 Nb4 18.Qh4 h5 19.e4 Nxd5 20.exd5 Bh2+ 21.Kh1 Be5 22.Qc4 b5
23.axb5 axb5 24.Qxb5 Rxd5 25.Be3 Rc8 26.Rxd5 Bxd5 27.Rd1 Rd8 28.Qe2 Qc6 29.Nf3 Bf6
30.Ne1 Rb8 31.Qc2 Bb3 32.Qd3 Bxd1 33.Qxd1 c4 34.Nc2 Rxb2 35.Nd4 Qe4 36.Nf3 Rb1  0-1

[Event "V Autumn"]
[Site "Alushta UKR"]
[Date "2002.10.16"]
[Round "2"]
[White "Alexandrova,O"]
[Black "Arbakov,V"]
[Result "1-0"]
[WhiteElo "2430"]
[BlackElo "2446"]

1.d4 d5 2.c4 dxc4 3.Nf3 Nf6 4.e3 e6 5.Bxc4 c5 6.O-O Nc6 7.Nc3 a6 8.a4 Be7
9.Qe2 Qc7 10.Rd1 O-O 11.e4 cxd4 12.Nxd4 Nxd4 13.Rxd4 Bc5 14.Rd1 e5 15.Nd5 Nxd5
16.Bxd5 Be6 17.Bxe6 fxe6 18.Be3 Bxe3 19.Qxe3 Rad8 20.Qb3 Qe7 21.Qb6 Rxd1+
22.Rxd1 Rc8 23.h3 Kf7 24.Rd3 Rc6 25.Qa7 h6 26.Qb8 Rc7 27.b4 h5 28.Qh8 h4
29.Rf3+ Kg6 30.g4 Qg5 31.Qe8+ Kh6 32.Rf8 Qc1+ 33.Kh2 g6 34.Qxe6  1-0

[Event "Before Thunder Storm"]
[Site "Tel Aviv ISR"]
[Date "2002.10.22"]
[Round "3"]
[White "Kharnak,D"]
[Black "Chernomordik,P"]
[Result "1/2-1/2"]
[WhiteElo "2243"]
[BlackElo "2305"]

1.d4 d5 2.c4 dxc4 3.Nf3 Nf6 4.e3 e6 5.Bxc4 c5 6.O-O a6 7.dxc5 Qxd1 8.Rxd1 Bxc5
9.b3 b6 10.Bb2 Nbd7 11.Be2 Bb7 12.Nbd2 O-O 13.Rac1 Rfc8 14.Nc4 Bd5 15.Kf1 b5
16.Nce5 Nxe5 17.Nxe5 Bb6  1/2-1/2

[Event "10th Chigorin Mem B"]
[Site "St Petersburg RUS"]
[Date "2002.10.25"]
[Round "1"]
[White "Shchukin,D"]
[Black "Kiselev,Ar"]
[Result "1-0"]
[WhiteElo "2382"]
[BlackElo "2239"]

1.d4 d5 2.c4 dxc4 3.e3 Nf6 4.Bxc4 e6 5.Nf3 c5 6.O-O a6 7.Qe2 b5 8.Bd3 cxd4
9.exd4 Be7 10.Nc3 Bb7 11.Rd1 O-O 12.Bg5 Nbd7 13.Ne5 h6 14.Bh4 Nb6 15.Bxf6 Bxf6
16.Ne4 Be7 17.Nc5 Bd5 18.Rac1 Bd6 19.Bb1 f5 20.Rc3 Qe8 21.f4 Ra7 22.b3 Ba8
23.Rg3 Nd5 24.Qd2 Rf6 25.Re1 Qc8 26.b4 Kh7 27.Rc1 Qe8 28.Bd3 Qe7 29.a3 g6
30.Be2 Nb6 31.h4 Bxe5 32.dxe5 Rf8 33.Qd6 Qxd6 34.exd6 Bd5 35.Nxa6 Nc4 36.Bxc4 Bxc4
37.Nc5 Rd8 38.d7 h5 39.a4 Raxd7 40.Nxd7 Rxd7 41.axb5 Bxb5 42.Rc5 Rb7 43.Rgc3 Kh6
44.Rc8 Ba4 45.R3c7  1-0

[Event "10th Chigorin Mem B"]
[Site "St Petersburg RUS"]
[Date "2002.10.27"]
[Round "3"]
[White "Gerasimov,Y"]
[Black "Shaginjan,A"]
[Result "1/2-1/2"]
[WhiteElo "2115"]
[BlackElo "2290"]

1.d4 d5 2.c4 dxc4 3.e3 Nf6 4.Bxc4 e6 5.Nf3 c5 6.O-O a6 7.dxc5 Qxd1 8.Rxd1 Bxc5
9.b3 b5 10.Be2 Bb7 11.Bb2 Nbd7 12.Ne5 Ke7 13.Nxd7 Nxd7 14.Nd2 f6 15.Bf3 Bxf3
16.Nxf3 Rac8 17.Nd4 Rc7 18.Rac1 Rhc8 19.Ne2 Bb4 20.Rxc7 Rxc7 21.Rc1 Rxc1+
22.Nxc1 Nc5 23.Kf1 Ne4 24.g3 Nc5  1/2-1/2

[Event "Olympiad w"]
[Site "Bled SLO"]
[Date "2002.10.29"]
[Round "4"]
[White "Korsakova,T"]
[Black "Tallova,I"]
[Result "0-1"]
[WhiteElo "2050"]
[BlackElo "2153"]

1.d4 d5 2.Nf3 Nf6 3.c4 dxc4 4.e3 e6 5.Bxc4 c5 6.O-O a6 7.a4 Nc6 8.dxc5 Qxd1
9.Rxd1 Bxc5 10.Nbd2 Ke7 11.Nb3 Bb4 12.Nbd4 Bd7 13.Nxc6+ Bxc6 14.Nd4 Bd7 15.Bd2 Bxd2
16.Rxd2 Rhc8 17.Be2 Ne4 18.Rdd1 Nc5 19.a5 e5 20.Nf3 f6 21.b4 Ne4 22.Rdc1 Nc3
23.Bf1 Rc7 24.Nd2 Rac8 25.Nb3 Nd5 26.Rcb1 Nxb4 27.Nd2 Nd5 28.Nc4 Rxc4 29.Bxc4 Rxc4
30.Rxb7 Rc7 31.Rb2 Bb5 32.h3 Nc3 33.Ra3 Ne4 34.Ra1 Nd6 35.Rd2 Nc4 36.Rc2 Rd7
37.Rc3 Rd2 38.Rb3 Kd6 39.Rc3 Kc5 40.Rb3 e4 41.Rbb1 Rb2 42.Rd1 Kb4 43.Rd4 f5
44.Rd5 g6 45.Rd8 Nxa5 46.Rh8 Nb3 47.Rd1 a5 48.Rxh7 a4 49.Rb7 Rc2 50.Rd6 a3
51.Ra7 a2 52.Rd1 Rc1 53.Rxc1 Nxc1 54.Rxa2 Nxa2 55.g4 fxg4 56.hxg4 Be2 57.g5 Bf3
58.Kh2 Nc3 59.Kg3 Nd1  0-1

[Event "Senior WM"]
[Site "Naumburg GER"]
[Date "2002.10.29"]
[Round "7"]
[White "Malich,B"]
[Black "Donchenko,A"]
[Result "1/2-1/2"]
[WhiteElo "2370"]
[BlackElo "2448"]

1.Nf3 d5 2.d4 Nf6 3.c4 dxc4 4.e3 e6 5.Bxc4 c5 6.O-O a6 7.dxc5 Bxc5 8.Qxd8+ Kxd8
9.a3 b5 10.Be2 Bb7 11.b4 Bd6 12.Bb2 Ke7 13.Nbd2 Rc8 14.Rfc1 Nbd7 15.Nb3 Bd5
16.Na5 Nb6 17.Nd4 Na4 18.Ndc6+ Ke8 19.Bxf6 gxf6 20.Bf3  1/2-1/2

[Event "Olympiad w"]
[Site "Bled SLO"]
[Date "2002.10.30"]
[Round "5"]
[White "Geldyeva,M"]
[Black "Fomina,T"]
[Result "1-0"]
[WhiteElo "2265"]
[BlackElo "2235"]

1.d4 d5 2.c4 dxc4 3.Nf3 Nf6 4.e3 e6 5.Bxc4 c5 6.O-O a6 7.Qe2 Nc6 8.Rd1 cxd4
9.Nxd4 Nxd4 10.Rxd4 Qc7 11.Nc3 Bd6 12.h3 O-O 13.e4 Be5 14.Rd1 b5 15.Bb3 Bb7
16.Bd2 Bxc3 17.Bxc3 Nxe4 18.Bd4 e5 19.Rac1 Qe7 20.Bb6 Rac8 21.Qe3 Rfe8 22.f3 Ng3
23.Bc5 Nf5 24.Qf2 Qg5 25.Rc3 Bc6 26.Bb6 Qf4 27.Qc2 Bb7 28.Rd7 Rxc3 29.Bxf7+ Kf8
30.Qxc3 Re7 31.Bc5 Bc6 32.Rc7 Kxf7 33.Bxe7 Nxe7 34.Qxc6 Qd4+ 35.Kh1 e4 36.fxe4 Qxb2
37.Qd5+ Kg6 38.Qd6+ Qf6 39.e5  1-0

[Event "Olympiad"]
[Site "Bled SLO"]
[Date "2002.10.30"]
[Round "5"]
[White "Hassan,Ab"]
[Black "Doghri,N"]
[Result "1-0"]
[WhiteElo "2296"]
[BlackElo "2325"]

1.d4 Nf6 2.Nf3 e6 3.e3 d5 4.c4 dxc4 5.Bxc4 c5 6.O-O a6 7.b3 b5 8.Be2 Nbd7
9.Bb2 Bb7 10.Nbd2 Be7 11.a4 Qb6 12.dxc5 Bxc5 13.axb5 axb5 14.Rxa8+ Bxa8 15.Nd4 b4
16.Nc4 Qb8 17.Bf3 O-O 18.Bxa8 Qxa8 19.Qe2 Rd8 20.Ra1 Qd5 21.Qf3 Ne4 22.g3 Ndf6
23.Ra5 h5 24.Nb6 Qb7 25.Na4 Bf8 26.Re5 Bd6 27.Rb5 Qa6 28.Qe2 Bf8 29.f3 Nd2
30.Qd1 Nxb3 31.Qxb3 Rxd4 32.Rb8 Rd3 33.Qc2 Qd6 34.Rxf8+ Kxf8 35.Qc8+ Ne8
36.Bd4 e5 37.Bc5 Ke7 38.Bxd6+ Nxd6 39.Qc7+ Kf6 40.Nc5 Rd1+ 41.Kf2 g6 42.Ke2 Rd5
43.Qc6  1-0

[Event "Olympiad"]
[Site "Bled SLO"]
[Date "2002.11.02"]
[Round "8"]
[White "Williams,Lei"]
[Black "Estrada Nieto,J"]
[Result "1-0"]
[WhiteElo "2288"]
[BlackElo "2345"]

1.d4 d5 2.c4 dxc4 3.Nf3 Nf6 4.e3 e6 5.Bxc4 c5 6.O-O a6 7.Bd3 cxd4 8.exd4 Be7
9.Nc3 Nc6 10.Bg5 O-O 11.Qd2 Nb4 12.Be2 Bd7 13.Ne5 Bc6 14.Nxc6 bxc6 15.Rfd1 Nbd5
16.Bd3 Qb8 17.Qe2 a5 18.Na4 Bd6 19.g3 h6 20.Bxf6 Nxf6 21.Rac1 Qb7 22.Rc4 Rfd8
23.Qc2 Rac8 24.Bf1 Bf8 25.Bg2 Nd5 26.Rc1 Qa7 27.a3 Ne7 28.Nc5 Nf5 29.Qc3 Nd6
30.Ra4 Nb5 31.Qxa5 Qxa5 32.Rxa5 Nxd4 33.Re1 Rd5 34.Nb7 Rxa5 35.Nxa5 Rb8 36.Rd1 c5
37.Nc4 Be7 38.Bf1 Bf6 39.a4 Nf3+ 40.Kg2 Ne5 41.a5 Nxc4 42.Bxc4 Rxb2 43.a6 Rb4
44.a7 Ra4 45.Rd7 Bd4 46.Rd8+  1-0

[Event "Olympiad w"]
[Site "Bled SLO"]
[Date "2002.11.02"]
[Round "8"]
[White "Turauskiene,R"]
[Black "Danielian,E"]
[Result "1/2-1/2"]
[WhiteElo "2198"]
[BlackElo "2389"]

1.d4 d5 2.c4 dxc4 3.Nf3 Nf6 4.e3 e6 5.Bxc4 c5 6.O-O a6 7.dxc5 Qxd1 8.Rxd1 Bxc5
9.a3 Nbd7 10.b4 Be7 11.Bb2 O-O 12.Nbd2 b5 13.Be2 Bb7 14.Nb3 Rac8 15.Rac1 Rxc1
16.Rxc1 Rc8 17.Rxc8+ Bxc8 18.Na5 Bd6 19.Nd4 Nb6 20.Ndc6 Ne4 21.Bd3 Nd2 22.Bc3 Ndc4
23.Bxc4 Nxc4 24.Nxc4 bxc4 25.Na5 Bd7 26.Nxc4 Bc7 27.Be5 Bd8 28.f4 f6 29.Bd4 Bc6
30.Kf2 h5 31.g3 Bc7 32.Ke2 Bb5 33.Kd3 e5 34.Bc5 exf4 35.exf4 Kf7 36.Kd4 Ke6
37.Nd2 g5 38.fxg5 fxg5 39.Ne4 g4 40.Ke3 h4 41.Kf2 hxg3+ 42.hxg3 Bc6 43.Nc3 Be5
44.Nd1 Bb5 45.Ne3 Bb2 46.Nxg4 Bxa3 47.Ke3 a5 48.Kd2 Bxb4+ 49.Bxb4 axb4  1/2-1/2

[Event "Olympiad w"]
[Site "Bled SLO"]
[Date "2002.11.05"]
[Round "10"]
[White "Ioseliani,N"]
[Black "Vajda,S"]
[Result "1-0"]
[WhiteElo "2491"]
[BlackElo "2365"]

1.d4 d5 2.c4 dxc4 3.e3 Nf6 4.Bxc4 e6 5.Nf3 c5 6.Qe2 a6 7.dxc5 Bxc5 8.O-O O-O
9.e4 Nc6 10.e5 Nd5 11.Rd1 Qb6 12.Nc3 Nxc3 13.bxc3 Qc7 14.Bd3 Be7 15.Qe4 g6
16.Bh6 Re8 17.h4 b5 18.Qf4 Bb7 19.h5 Bf8 20.Be4 Qe7 21.Bg5 Qc7 22.Bf6 Ne7
23.Ng5 Nf5 24.Bxf5 exf5 25.e6 Re7 26.Qxc7 Rxc7 27.Rd7  1-0

[Event "Olympiad w"]
[Site "Bled SLO"]
[Date "2002.11.05"]
[Round "10"]
[White "Medic,Mir"]
[Black "Danielian,E"]
[Result "0-1"]
[WhiteElo "2288"]
[BlackElo "2389"]

1.d4 d5 2.c4 dxc4 3.Nf3 Nf6 4.e3 e6 5.Bxc4 c5 6.Qe2 a6 7.O-O b5 8.Bb3 Bb7
9.a4 Nbd7 10.axb5 axb5 11.Rxa8 Qxa8 12.Nc3 b4 13.Nb5 Qa5 14.e4 cxd4 15.Bf4 Bc5
16.Bc7 Qa8 17.e5 Bxf3 18.gxf3 Nh5 19.Nd6+ Ke7 20.Ne4 Rc8 21.Bd6+ Bxd6 22.exd6+ Kf8
23.Qb5 Nhf6 24.Nxf6 Nxf6 25.d7 Rd8 26.Qxb4+ Kg8 27.Qxd4 Rxd7 28.Qe3 Rb7 29.Rc1 g6
30.Kg2 Qb8 31.Bc4 Kg7 32.b3 Ra7 33.Qd4 Ra5 34.Ra1 Rg5+ 35.Kf1 Qxh2 36.Re1 Qg2+
37.Ke2 Rf5 38.Qc3 h5 39.b4 Qh2 40.b5 h4 41.b6 Re5+ 42.Kd1 Rc5 43.Qd4 Rc6
44.f4 Qg2 45.b7 Rxc4 46.Qxc4 Qxb7 47.Qc3 Qg2 48.Ke2 Qe4+ 49.Qe3 Qc4+ 50.Kd2 Ng4
51.Qf3 Qa2+ 52.Kd3 Qb3+ 53.Ke2 Qc2+  0-1

[Event "Olympiad w"]
[Site "Bled SLO"]
[Date "2002.11.05"]
[Round "10"]
[White "Janevska,A"]
[Black "Vasquez Ramirez,R"]
[Result "0-1"]
[WhiteElo "2010"]
[BlackElo "2252"]

1.d4 d5 2.c4 dxc4 3.Nf3 Nf6 4.e3 e6 5.Bxc4 c5 6.O-O a6 7.b3 Nc6 8.Bb2 cxd4
9.Nxd4 Nb4 10.Nd2 b5 11.Be2 Bb7 12.a4 bxa4 13.Rxa4 Be7 14.Nc4 O-O 15.Bf3 Qc7
16.Qe2 Bxf3 17.Nxf3 Ne4 18.Bd4 Qb7 19.Rfa1 Rac8 20.Ne1 f6 21.Nc2 e5 22.Bb2 Nxc2
23.Qxc2 Rfd8 24.f3 Nc5 25.R4a3 Nd3 26.Ra4 Bc5 27.Bc1 Nxc1 28.Qxc1 Qxb3 29.Kh1 Bb4
30.Qb1 Qxb1+ 31.Rxb1 Rxc4  0-1